Calor
Guardat en:
| Autor principal: | |
|---|---|
| Format: | Llibre |
| Idioma: | espanyol |
| Publicat: |
Madrid
Ediciones SM
1986
|
| Col·lecció: | <El >Joven Investigador, 9
|
| Matèries: | |
| Etiquetes: |
Afegir etiqueta
Sense etiquetes, Sigues el primer a etiquetar aquest registre!
|
MARC
| LEADER | 00000nam a2200000 a 4500 | ||
|---|---|---|---|
| 001 | UCH4091 | ||
| 003 | CL-VaPUC | ||
| 008 | 090818e19860000SP |||||||||||||||||spa|d | ||
| 020 | |a 8434819139 | ||
| 082 | 0 | 4 | |a 536 |b JEN |2 21 |
| 100 | |a Jennings, Terry |e author |9 543686 | ||
| 245 | 1 | 0 | |a Calor |
| 300 | |a 32 p | ||
| 942 | |c BK | ||
| 945 | |d 20090818 00:00:00 |a ccalabra | ||
| 260 | |a Madrid |b Ediciones SM |c 1986 | ||
| 650 | 0 | |a Física |9 227844 | |
| 650 | 7 | |a FUEGO |2 CL-VaPUC |9 350573 | |
| 650 | 7 | |a TEMPERATURA |2 CL-VaPUC |9 539559 | |
| 650 | 7 | |a ENERGIA SOLAR |2 CL-VaPUC |9 539560 | |
| 650 | 0 | |a Combustibles |9 271720 | |
| 583 | |a last modification |c 20090818 00:00:00 |k Rodrigo Vera | ||
| 490 | 0 | |a <El >Joven Investigador, 9 | |
| 999 | |c 335440 |d 335438 | ||